[Event "40 Obert Ciutat de Badalona 2014 B"]
[Site "Badalona ESP"]
[Date "2014.08.06"]
[Round "5.6"]
[White "Garcia Sanchez, Aitor"]
[Black "Reginaldo Huix, Pere"]
[Result "1/2-1/2"]
[WhiteElo "1967"]
[BlackElo "2075"]
[PlyCount "177"]
[EventDate "2014.08.02"]
[EventType "swiss"]
[EventRounds "9"]
[EventCountry "ESP"]
[Source "lmi"]
[SourceDate "2014.08.02"]

1. e4 e6 2. d4 f5 3. exf5 exf5 4. Bd3 d5 5. Qe2+ Qe7 6. Nc3 Qxe2+ 7. Ngxe2 Bb4
8. O-O c6 9. Ng3 g6 10. Bf4 Nf6 11. Rfe1+ Kf7 12. Be5 Nbd7 13. a3 Bxc3 14. bxc3
Nxe5 15. Rxe5 Bd7 16. Rae1 Rhe8 17. c4 Rxe5 18. dxe5 Ne4 19. cxd5 cxd5 20. Rb1
b6 21. c4 Nc5 22. Rd1 Ba4 23. Rd2 Nxd3 24. Rxd3 dxc4 25. Rc3 Rd8 26. f4 b5 27.
Kf2 Rd2+ 28. Kf1 a5 29. Ne2 Bc2 30. Ke1 Rd1+ 31. Kf2 Bd3 32. e6+ Kf6 33. e7
Kxe7 34. Nd4 b4 35. axb4 axb4 36. Nc6+ Kd6 37. Nxb4 Rd2+ 38. Ke3 Re2+ 39. Kf3
Rd2 40. Nxd3 cxd3 41. g3 Kd5 42. Ke3 Re2+ 43. Kxd3 Rxh2 44. Ke3 h5 45. Rd3+ Ke6
46. Ra3 Rh3 47. Ra6+ Kf7 48. Kf2 h4 49. gxh4 Rxh4 50. Kg3 Rg4+ 51. Kf3 Kg7 52.
Ra7+ Kh6 53. Ra8 Rg1 54. Kf2 Rb1 55. Rh8+ Kg7 56. Ra8 Rb3 57. Ra1 Rh3 58. Kg2
Re3 59. Kf2 Re4 60. Kf3 Kf6 61. Rg1 Ra4 62. Rb1 Ra3+ 63. Kf2 Ra6 64. Re1 g5 65.
fxg5+ Kxg5 66. Re8 Kf4 67. Rb8 Ra2+ 68. Kf1 Kg3 69. Rb3+ Kg4 70. Rb8 f4 71. Kg1
Kg3 72. Rg8+ Kf3 73. Rf8 Ra1+ 74. Kh2 Re1 75. Rf7 Re4 76. Ra7 Kf2 77. Ra2+ Re2
78. Ra1 f3 79. Rb1 Ke3+ 80. Kg1 Rg2+ 81. Kf1 Rg5 82. Rb3+ Kf4 83. Kf2 Rg2+ 84.
Kf1 Rc2 85. Rb8 Rc1+ 86. Kf2 Rc2+ 87. Kf1 Rc5 88. Rf8+ Ke4 89. Re8+ 1/2-1/2

[Event "40 Obert Ciutat de Badalona 2014 B"]
[Site "Badalona ESP"]
[Date "2014.08.06"]
[Round "5.7"]
[White "Ritter Aguilar, Jordi"]
[Black "Maynat Diaz, Jose Antonio"]
[Result "1-0"]
[WhiteElo "2065"]
[BlackElo "1981"]
[PlyCount "52"]
[EventDate "2014.08.02"]
[EventType "swiss"]
[EventRounds "9"]
[EventCountry "ESP"]
[Source "lmi"]
[SourceDate "2014.08.02"]

1. e4 c5 2. f4 e6 3. Nc3 a6 4. Nf3 Nc6 5. d4 cxd4 6. Nxd4 Bb4 7. Nxc6 Bxc3+ 8.
bxc3 bxc6 9. Qd4 Nf6 10. Ba3 d5 11. e5 Ne4 12. Be2 Rb8 13. O-O Qa5 14. Bb4 Qb6
15. Qxb6 Rxb6 16. Bd3 f5 17. exf6 Nxf6 18. Bc5 Rb8 19. Rab1 Rxb1 20. Rxb1 Nd7
21. Bd4 Kf7 22. c4 h6 23. cxd5 exd5 24. c4 c5 25. Bf2 d4 26. Re1 Kf6 1-0

[Event "40 Obert Ciutat de Badalona 2014 B"]
[Site "Badalona ESP"]
[Date "2014.08.06"]
[Round "5.8"]
[White "Martinez Perez, Pablo"]
[Black "Delgadillo Torrico, Felipe"]
[Result "0-1"]
[WhiteElo "1964"]
[BlackElo "2053"]
[PlyCount "44"]
[EventDate "2014.08.02"]
[EventType "swiss"]
[EventRounds "9"]
[EventCountry "ESP"]
[Source "lmi"]
[SourceDate "2014.08.02"]

1. e4 c5 2. Nf3 d6 3. d4 cxd4 4. Qxd4 Nc6 5. Bb5 Bd7 6. Bxc6 Bxc6 7. Nc3 e6 8.
Bg5 Nf6 9. O-O-O Be7 10. Rhe1 Qc7 11. Kb1 a6 12. Qd2 b5 13. Nd4 O-O 14. f3 Rfd8
15. g4 b4 16. Nce2 a5 17. Ng3 Ba4 18. Rc1 Rac8 19. Nh5 Nxh5 20. gxh5 Bxg5 21.
Qxg5 Qc5 22. Rg1 Qxd4 0-1

[Event "40 Obert Ciutat de Badalona 2014 B"]
[Site "Badalona ESP"]
[Date "2014.08.06"]
[Round "5.9"]
[White "Garcia Punzano, Josep Lluis"]
[Black "Bru Gibert, Rafael"]
[Result "0-1"]
[WhiteElo "1950"]
[BlackElo "2026"]
[PlyCount "70"]
[EventDate "2014.08.02"]
[EventType "swiss"]
[EventRounds "9"]
[EventCountry "ESP"]
[Source "lmi"]
[SourceDate "2014.08.02"]

1. d4 Nf6 2. c4 g6 3. Nc3 Bg7 4. e4 d6 5. Be3 Ng4 6. Bg5 f6 7. Bh4 O-O 8. Be2
Nh6 9. Nf3 c6 10. O-O Nd7 11. Bg3 Nf7 12. Qc2 e5 13. d5 Nb6 14. b4 cxd5 15.
cxd5 a6 16. Nd2 f5 17. f4 Bd7 18. Rac1 Rc8 19. Qb3 exf4 20. Bxf4 g5 21. Be3 f4
22. Bf2 g4 23. Kh1 Ng5 24. Bh4 Qf6 25. a4 h6 26. a5 Rxc3 27. Bxg5 hxg5 28. Rxc3
Qxc3 29. Qxc3 Bxc3 30. Nb1 Na4 31. Rc1 Bxb4 32. Rc4 Bxa5 33. Bd1 Nc5 34. e5 Bb5
35. Rc1 Bb4 0-1

[Event "40 Obert Ciutat de Badalona 2014 B"]
[Site "Badalona ESP"]
[Date "2014.08.06"]
[Round "5.10"]
[White "Navines Monfa, Josep"]
[Black "Lozano Diaz, Antoni"]
[Result "0-1"]
[WhiteElo "1844"]
[BlackElo "2015"]
[PlyCount "126"]
[EventDate "2014.08.02"]
[EventType "swiss"]
[EventRounds "9"]
[EventCountry "ESP"]
[Source "lmi"]
[SourceDate "2014.08.02"]

1. d4 Nf6 2. Nf3 e6 3. Bg5 Be7 4. e3 O-O 5. Bd3 d6 6. O-O Nbd7 7. Nbd2 c5 8. c3
b6 9. Re1 d5 10. e4 dxe4 11. Nxe4 cxd4 12. Nxd4 Bb7 13. Nxf6+ Nxf6 14. Bxf6
Bxf6 15. Be4 Bxe4 16. Rxe4 Qd5 17. Qf3 Rfd8 18. b3 Bxd4 19. Rxd4 Qxf3 20. gxf3
Rxd4 21. cxd4 Rc8 22. Kg2 Kf8 23. f4 Ke7 24. Kf3 Kd6 25. Ke3 Rc3+ 26. Ke2 Kd5
27. h4 Ke4 28. b4 Rc2+ 29. Ke1 Kf3 30. a4 Re2+ 31. Kd1 Rxf2 32. Ra3+ Kxf4 33.
Rc3 Ke4 34. Rc7 Kxd4 35. Rxa7 Kc4 36. a5 bxa5 37. bxa5 Kb5 38. Ra8 h5 39. a6
Kb6 40. Ke1 Rf4 41. Ke2 Rxh4 42. a7 Rf4 43. Rg8 Kxa7 44. Rxg7 Rf5 45. Rg3 Kb6
46. Rc3 Rc5 47. Rf3 f5 48. Re3 e5 49. Rh3 Kc6 50. Rxh5 f4 51. Rh8 Kd5 52. Kd3
e4+ 53. Kd2 Rc6 54. Rd8+ Rd6 55. Rf8 Ke5+ 56. Ke2 f3+ 57. Ke3 Rd3+ 58. Kf2 Rd2+
59. Ke1 Ra2 60. Kd1 Kd4 61. Rb8 Ke3 62. Rb3+ Kf4 63. Rb4 Kg3 0-1

[Event "40 Obert Ciutat de Badalona 2014 B"]
[Site "Badalona ESP"]
[Date "2014.08.07"]
[Round "6.1"]
[White "Flores Liñan, Josep Luis"]
[Black "Batista Perez, Carlos"]
[Result "1-0"]
[WhiteElo "2016"]
[BlackElo "2008"]
[PlyCount "105"]
[EventDate "2014.08.02"]
[EventType "swiss"]
[EventRounds "9"]
[EventCountry "ESP"]
[Source "lmi"]
[SourceDate "2014.08.02"]

1. d4 c5 2. d5 d6 3. c4 e5 4. e4 Be7 5. Nc3 Nd7 6. Nge2 Ngf6 7. Ng3 Nf8 8. Be2
Ng6 9. O-O O-O 10. a3 Bd7 11. Be3 Nf4 12. Qd2 Nxe2+ 13. Qxe2 Ng4 14. Bd2 Bg5
15. f4 Bxf4 16. Bxf4 exf4 17. Rxf4 Qh4 18. Nf1 Qg5 19. g3 h5 20. Ne3 Nxe3 21.
Qxe3 h4 22. Re1 hxg3 23. Qxg3 Qxg3+ 24. hxg3 Rae8 25. Kg2 Re5 26. Rh1 Rfe8 27.
Rfh4 f6 28. b4 cxb4 29. axb4 Kf7 30. Rh8 R8e7 31. Rd8 f5 32. Rf1 b6 33. g4 g6
34. Kg3 Kg7 35. gxf5 gxf5 36. Kf4 fxe4 37. Rg1+ Kf7 38. Ke3 Rf5 39. Rg3 Rf3+
40. Rxf3+ exf3+ 41. Kxf3 Kf6 42. Kf4 Rf7 43. Ke3 Ke5 44. Rh8 Bg4 45. Re8+ Kf5
46. Ne4 Kg6 47. Rg8+ Kh5 48. Nxd6 Rf3+ 49. Kd4 Rb3 50. Ne4 Bd1 51. d6 Rxb4 52.
d7 Bb3 53. d8=Q 1-0

[Event "40 Obert Ciutat de Badalona 2014 B"]
[Site "Badalona ESP"]
[Date "2014.08.07"]
[Round "6.2"]
[White "Urrutia Mule, Oriol"]
[Black "Arribas Alvarez, Marti"]
[Result "0-1"]
[WhiteElo "1933"]
[BlackElo "1913"]
[PlyCount "42"]
[EventDate "2014.08.02"]
[EventType "swiss"]
[EventRounds "9"]
[EventCountry "ESP"]
[Source "lmi"]
[SourceDate "2014.08.02"]

1. e4 e5 2. Nc3 Nc6 3. g3 Bc5 4. Bg2 Nf6 5. Nge2 a6 6. O-O d6 7. d3 Bg4 8. h3
Be6 9. Nd5 Ne7 10. Nxf6+ gxf6 11. Be3 Bxe3 12. fxe3 f5 13. exf5 Nxf5 14. Rf3
Qg5 15. e4 Ne7 16. Qf1 f5 17. Nc3 O-O-O 18. Nd5 Nxd5 19. exd5 Bxd5 20. Rxf5
Qxg3 21. Qf2 Rdg8 0-1

[Event "40 Obert Ciutat de Badalona 2014 B"]
[Site "Badalona ESP"]
[Date "2014.08.07"]
[Round "6.4"]
[White "Pallares Gurrea, Aitor Alexander"]
[Black "Ritter Aguilar, Jordi"]
[Result "1/2-1/2"]
[WhiteElo "1956"]
[BlackElo "2065"]
[PlyCount "117"]
[EventDate "2014.08.02"]
[EventType "swiss"]
[EventRounds "9"]
[EventCountry "ESP"]
[Source "lmi"]
[SourceDate "2014.08.02"]

1. d4 d5 2. e3 c5 3. c3 Nc6 4. f4 b6 5. Bd3 cxd4 6. exd4 Nf6 7. Nf3 e6 8. Nbd2
Be7 9. Ne5 Bd7 10. O-O O-O 11. Qf3 g6 12. g4 Ne8 13. g5 f6 14. gxf6 Nxf6 15.
Qg3 Nh5 16. Qg2 Nxe5 17. fxe5 Rxf1+ 18. Nxf1 Qf8 19. Ng3 Nf4 20. Bxf4 Qxf4 21.
Bc2 Bb5 22. Nf5 Qg5 23. Nxe7+ Qxe7 24. a4 Bc4 25. b3 Ba6 26. c4 Bb7 27. Qg4 Rf8
28. Rf1 Rxf1+ 29. Kxf1 Kg7 30. Qf4 Qf7 31. Qxf7+ Kxf7 32. Kf2 Kg7 33. c5 bxc5
34. dxc5 a5 35. Ke3 g5 36. Bd3 h5 37. Bb5 Kf7 38. c6 Bc8 39. Kd4 g4 40. Kc5 h4
41. b4 axb4 42. Kxb4 g3 43. hxg3 hxg3 44. Bf1 Ke7 45. Kc5 Kd8 46. Kd4 Kc7 47.
Ke3 Kxc6 48. Kf3 Kc5 49. Kxg3 Kb4 50. Bb5 d4 51. Kf2 Bb7 52. Ke2 Kc5 53. Kd3
Kd5 54. Bc4+ Kxe5 55. Bxe6 Be4+ 56. Kc4 d3 57. Bg4 Kf4 58. Bd1 Ke3 59. Kc3
1/2-1/2

[Event "40 Obert Ciutat de Badalona 2014 B"]
[Site "Badalona ESP"]
[Date "2014.08.07"]
[Round "6.5"]
[White "Delgadillo Torrico, Felipe"]
[Black "Gonzalez Saguillo, Oriol"]
[Result "1/2-1/2"]
[WhiteElo "2053"]
[BlackElo "1932"]
[PlyCount "178"]
[EventDate "2014.08.02"]
[EventType "swiss"]
[EventRounds "9"]
[EventCountry "ESP"]
[Source "lmi"]
[SourceDate "2014.08.02"]

1. e4 e5 2. Nf3 Nc6 3. Bb5 a6 4. Ba4 Nf6 5. d3 b5 6. Bb3 d6 7. c3 Be7 8. O-O
O-O 9. Nbd2 Na5 10. Bc2 c5 11. Re1 Re8 12. Nf1 Bf8 13. Ng3 g6 14. Bg5 Bg7 15.
Qd2 Qc7 16. Bh6 Bd7 17. h4 Bxh6 18. Qxh6 Ng4 19. Qd2 h5 20. Ng5 Kg7 21. f3 Nh6
22. Rad1 f6 23. Nh3 Be6 24. b3 Nc6 25. Nf2 b4 26. Ne2 Qb6 27. c4 Rg8 28. f4 Kh7
29. Qe3 Ng4 30. Nxg4 Bxg4 31. Rd2 Bxe2 32. Rdxe2 Nd4 33. Rf2 Raf8 34. Ref1 Qd8
35. Bd1 Qe8 36. Qh3 f5 37. fxe5 dxe5 38. exf5 gxf5 39. Bf3 Kh6 40. Bd5 Rg4 41.
Bf3 Rg7 42. Bd5 Rf6 43. Re1 Re7 44. g3 Qg6 45. Kh2 a5 46. Re3 Ra6 47. Qf1 Kg7
48. Qe1 Qd6 49. Qd1 Kg6 50. Bf3 Rh7 51. Qe1 Re7 52. Qd1 Rh7 53. Qe1 Re7 54. Qd2
a4 55. bxa4 Qf6 56. Re1 Nxf3+ 57. Rxf3 Rxa4 58. Ref1 Rf7 59. R1f2 Ra5 60. Qe3
Rf8 61. Kh3 Rf7 62. Re2 Re7 63. Rf1 Re8 64. Rfe1 Re7 65. Qd2 Ra6 66. Qb2 Rae6
67. a3 bxa3 68. Qxa3 Rc6 69. Qb2 Rb6 70. Qd2 Rc6 71. Qe3 Kh7 72. Qf3 Kg6 73.
Rxe5 Rxe5 74. Rxe5 Qxe5 75. Qxc6+ Kf7 76. Qf3 Kg6 77. Qf4 Qf6 78. Qe3 Qa1 79.
Qg5+ Kf7 80. Qxf5+ Kg8 81. Qg5+ Kf8 82. Qxc5+ Kg7 83. Qg5+ Kf8 84. Qxh5 Qf1+
85. Kg4 Qe2+ 86. Kg5 Qe5+ 87. Kg6 Qe6+ 88. Kg5 Qe5+ 89. Kg4 Qe2+ 1/2-1/2

[Event "40 Obert Ciutat de Badalona 2014 B"]
[Site "Badalona ESP"]
[Date "2014.08.07"]
[Round "6.6"]
[White "Bru Gibert, Rafael"]
[Black "Torralba Brosa, Marc"]
[Result "1-0"]
[WhiteElo "2026"]
[BlackElo "1895"]
[PlyCount "48"]
[EventDate "2014.08.02"]
[EventType "swiss"]
[EventRounds "9"]
[EventCountry "ESP"]
[Source "lmi"]
[SourceDate "2014.08.02"]

1. e4 c5 2. d4 cxd4 3. c3 dxc3 4. Nxc3 Nc6 5. Nf3 d6 6. Bc4 e6 7. O-O Be7 8.
Qe2 Nf6 9. Rd1 e5 10. Be3 O-O 11. b4 g6 12. a3 Be6 13. Bxe6 fxe6 14. Qc4 Qc8
15. Qb3 h6 16. Rac1 Qd7 17. Na4 Bd8 18. Nc5 Nd4 19. Bxd4 dxc5 20. Bxc5 Qe8 21.
Bxf8 Kxf8 22. Nxe5 Nxe4 23. Qf3+ Nf6 24. Qxb7 Be7 1-0

[Event "40 Obert Ciutat de Badalona 2014 B"]
[Site "Badalona ESP"]
[Date "2014.08.07"]
[Round "6.7"]
[White "Lozano Diaz, Antoni"]
[Black "Iglesias Fernandez, Luis"]
[Result "0-1"]
[WhiteElo "2015"]
[BlackElo "1844"]
[PlyCount "66"]
[EventDate "2014.08.02"]
[EventType "swiss"]
[EventRounds "9"]
[EventCountry "ESP"]
[Source "lmi"]
[SourceDate "2014.08.02"]

1. d4 g6 2. Nf3 Bg7 3. c4 d6 4. g3 Nf6 5. Bg2 O-O 6. O-O Nbd7 7. d5 a5 8. Nc3
Nc5 9. h3 Bd7 10. Nd4 Qc8 11. Kh2 h5 12. Bg5 a4 13. Qd2 Kh7 14. b4 axb3 15.
Bxf6 exf6 16. axb3 Re8 17. Rxa8 Qxa8 18. e3 f5 19. Rb1 Qd8 20. b4 Ne4 21. Nxe4
fxe4 22. c5 h4 23. c6 bxc6 24. dxc6 hxg3+ 25. fxg3 Bf5 26. Nxf5 gxf5 27. Rf1
Qg5 28. h4 Qh5 29. b5 Be5 30. Qf2 Qxh4+ 31. Bh3 Kg7 32. Rg1 Ra8 33. Rg2 Qxh3+
0-1

[Event "40 Obert Ciutat de Badalona 2014 B"]
[Site "Badalona ESP"]
[Date "2014.08.07"]
[Round "6.8"]
[White "Palacios Peña, Gerardo"]
[Black "Alves Garcia, Eric"]
[Result "0-1"]
[WhiteElo "1993"]
[BlackElo "1871"]
[PlyCount "138"]
[EventDate "2014.08.02"]
[EventType "swiss"]
[EventRounds "9"]
[EventCountry "ESP"]
[Source "lmi"]
[SourceDate "2014.08.02"]

1. d4 d5 2. c4 e6 3. Nf3 Nf6 4. Nc3 Bb4 5. Bd2 O-O 6. e3 Nbd7 7. Bd3 c6 8. O-O
dxc4 9. Bxc4 b5 10. Bd3 Bb7 11. a3 Be7 12. b4 Qc7 13. Ne4 e5 14. Qc2 exd4 15.
exd4 h6 16. Nxf6+ Nxf6 17. Bxb5 Bd6 18. Be2 Rfe8 19. Be3 Ng4 20. Qd2 Bxh2+ 21.
Kh1 Nxe3 22. Nxh2 Nxf1 23. Rxf1 Qe7 24. Bc4 Rad8 25. Qc3 Qf6 26. Nf3 Bc8 27.
Kg1 Bg4 28. Ne5 Be6 29. Bd3 Bd5 30. Rc1 Qg5 31. Bf1 Re6 32. Ra1 Rf6 33. a4 Rf4
34. b5 cxb5 35. axb5 Qh4 36. Qg3 Qxg3 37. fxg3 Rxd4 38. Rxa7 Re4 39. Nc6 Rde8
40. Rd7 Be6 41. Rc7 Re1 42. Kf2 Rb1 43. g4 Kf8 44. Bd3 Rb2+ 45. Kf1 Bd5 46. Nd4
Bxg2+ 47. Kg1 Re1+ 48. Kh2 Be4+ 49. Be2 Rbxe2+ 50. Nxe2 Rxe2+ 51. Kg3 Rb2 52.
Rc8+ Ke7 53. Rb8 g5 54. b6 Rg2+ 55. Kh3 Rb2 56. Kg3 Rb3+ 57. Kf2 Kd7 58. Rf8
Bd5 59. Rb8 Kc6 60. Rh8 Kxb6 61. Rxh6+ Kc5 62. Rf6 Kd4 63. Rf5 Rf3+ 64. Rxf3
Bxf3 65. Kxf3 Kd3 66. Kf2 Ke4 67. Kg3 Ke3 68. Kg2 Kf4 69. Kh3 Kf3 0-1

[Event "40 Obert Ciutat de Badalona 2014 B"]
[Site "Badalona ESP"]
[Date "2014.08.07"]
[Round "6.9"]
[White "Reginaldo Huix, Pere"]
[Black "Baltasar Diaz, Vicente"]
[Result "1/2-1/2"]
[WhiteElo "2075"]
[BlackElo "1932"]
[PlyCount "70"]
[EventDate "2014.08.02"]
[EventType "swiss"]
[EventRounds "9"]
[EventCountry "ESP"]
[Source "lmi"]
[SourceDate "2014.08.02"]

1. d4 d5 2. e3 Bf5 3. Bd3 Bxd3 4. Qxd3 Nf6 5. Nd2 Nbd7 6. f4 e6 7. Ngf3 Be7 8.
O-O O-O 9. Ne5 Rc8 10. Rf3 c5 11. c3 Nxe5 12. fxe5 Nd7 13. Rh3 f5 14. Qe2 Rf7
15. Nb3 Qb6 16. Qc2 cxd4 17. exd4 Nxe5 18. Qe2 Nc4 19. Nd2 Nxd2 20. Bxd2 Qxb2
21. Re1 Rc6 22. a4 Ra6 23. Qd3 Rxa4 24. Rxe6 Ra2 25. Re2 g6 26. Rhe3 a5 27. Re6
Bh4 28. Re8+ Kg7 29. Bh6+ Kxh6 30. Rxb2 Rxb2 31. g3 Bg5 32. h4 Bf6 33. Qf3 Rd7
34. Rf8 Re7 35. Kf1 Rb1+ 1/2-1/2

[Event "40 Obert Ciutat de Badalona 2014 B"]
[Site "Badalona ESP"]
[Date "2014.08.07"]
[Round "6.10"]
[White "Martin Villanova, Jordi"]
[Black "Garcia Sanchez, Aitor"]
[Result "0-1"]
[WhiteElo "2062"]
[BlackElo "1967"]
[PlyCount "70"]
[EventDate "2014.08.02"]
[EventType "swiss"]
[EventRounds "9"]
[EventCountry "ESP"]
[Source "lmi"]
[SourceDate "2014.08.02"]

1. Nf3 c5 2. g3 g6 3. Bg2 Bg7 4. d4 cxd4 5. Nxd4 Nc6 6. c3 d5 7. O-O e6 8. Be3
Nge7 9. Qd2 O-O 10. Bh6 Nxd4 11. cxd4 Bxh6 12. Qxh6 Nf5 13. Qd2 Bd7 14. Nc3 Qb6
15. Rfd1 Rac8 16. Rac1 Rc4 17. e3 Rfc8 18. Bf1 R4c7 19. Bd3 Nd6 20. g4 Qa5 21.
h4 Bb5 22. h5 Bxd3 23. Qxd3 Ne4 24. Nxe4 Rxc1 25. Nf6+ Kg7 26. g5 Qa6 27. Qd2
R1c2 28. h6+ Kh8 29. Qb4 Qe2 30. Rf1 Rc1 31. Rxc1 Rxc1+ 32. Kg2 Qf1+ 33. Kg3
Qg1+ 34. Kf4 Qxf2+ 35. Ke5 Qg3# 0-1

[Event "40 Obert Ciutat de Badalona 2014 B"]
[Site "Badalona ESP"]
[Date "2014.08.08"]
[Round "7.1"]
[White "Arribas Alvarez, Marti"]
[Black "Flores Liñan, Josep Luis"]
[Result "1-0"]
[WhiteElo "1913"]
[BlackElo "2016"]
[PlyCount "93"]
[EventDate "2014.08.02"]
[EventType "swiss"]
[EventRounds "9"]
[EventCountry "ESP"]
[Source "lmi"]
[SourceDate "2014.08.02"]

1. e4 c5 2. d4 cxd4 3. c3 Nf6 4. e5 Nd5 5. cxd4 e6 6. Nf3 Nc6 7. Nc3 Nxc3 8.
bxc3 d6 9. Bf4 Be7 10. Bd3 dxe5 11. Nxe5 Nxe5 12. Bxe5 O-O 13. O-O Bf6 14. f4
Bd7 15. Be4 Bc6 16. Bxc6 bxc6 17. Rb1 Bxe5 18. fxe5 Qd5 19. Qb3 Rfc8 20. Qb7
Rf8 21. Rxf7 Rxf7 22. Qxa8+ Rf8 23. Rb8 Rxb8 24. Qxb8+ Kf7 25. Qxa7+ Kg6 26.
Qa3 Qe4 27. Qc1 c5 28. Qa1 Qe3+ 29. Kh1 cxd4 30. cxd4 Qa3 31. h3 Kg5 32. Qb1 g6
33. Qb3 Qc1+ 34. Kh2 h5 35. a4 h4 36. Qf3 Qc4 37. Qg4+ Kh6 38. Qxh4+ Kg7 39. a5
Qc7 40. Qf6+ Kh6 41. Qxe6 Qxa5 42. Qf6 Qd5 43. e6 Qc6 44. Qe5 g5 45. e7 Qe8 46.
Qf6+ Kh7 47. Qf8 1-0

[Event "40 Obert Ciutat de Badalona 2014 B"]
[Site "Badalona ESP"]
[Date "2014.08.08"]
[Round "7.2"]
[White "Alves Garcia, Eric"]
[Black "Bru Gibert, Rafael"]
[Result "1/2-1/2"]
[WhiteElo "1871"]
[BlackElo "2026"]
[PlyCount "106"]
[EventDate "2014.08.02"]
[EventType "swiss"]
[EventRounds "9"]
[EventCountry "ESP"]
[Source "lmi"]
[SourceDate "2014.08.02"]

1. d4 Nf6 2. c4 g6 3. Nc3 Bg7 4. g3 O-O 5. Bg2 d6 6. e4 Nbd7 7. Nf3 e5 8. O-O
exd4 9. Nxd4 Re8 10. Re1 a6 11. f4 Rb8 12. h3 Kh8 13. g4 Nc5 14. Nb3 Nfd7 15.
Be3 Ne6 16. Qd2 b6 17. f5 Nec5 18. Bg5 f6 19. Bf4 g5 20. Bg3 Bb7 21. Nd4 Ne5
22. b4 Ncd7 23. Ne6 Qc8 24. Qe2 Nf8 25. Nxf8 Bxf8 26. Nd5 Kg7 27. h4 h6 28.
hxg5 hxg5 29. Kf2 Qd7 30. Rh1 Be7 31. Bxe5 dxe5 32. Rad1 Bxd5 33. Rxd5 Qa4 34.
b5 axb5 35. cxb5 Bd6 36. Rc1 Rb7 37. Rc4 Qa3 38. Rd3 Qa5 39. Qb2 Ra8 40. a4 Rh8
41. Qb3 Qa8 42. Rcc3 Qg8 43. Qc2 Qf7 44. Rh3 Rxh3 45. Rxh3 Rb8 46. Bf1 Rd8 47.
Bc4 Qe7 48. Qc1 Rh8 49. Qh1 Rxh3 50. Qxh3 Qe8 51. Be6 Bc5+ 52. Ke2 Qh8 53.
Qxh8+ Kxh8 1/2-1/2

[Event "40 Obert Ciutat de Badalona 2014 B"]
[Site "Badalona ESP"]
[Date "2014.08.08"]
[Round "7.3"]
[White "Ferres Saez, Joan"]
[Black "Iglesias Fernandez, Luis"]
[Result "1-0"]
[WhiteElo "1965"]
[BlackElo "1844"]
[PlyCount "99"]
[EventDate "2014.08.02"]
[EventType "swiss"]
[EventRounds "9"]
[EventCountry "ESP"]
[Source "lmi"]
[SourceDate "2014.08.02"]

1. e4 g6 2. d4 Bg7 3. Nc3 d6 4. Be3 Nf6 5. h3 O-O 6. Nf3 e5 7. dxe5 dxe5 8. Bc4
Nc6 9. Qxd8 Nxd8 10. Nb5 Be6 11. Bd3 Nxe4 12. Nxc7 Rc8 13. Nxe6 fxe6 14. Bxe4
Nc6 15. O-O Nd4 16. c3 Ne2+ 17. Kh1 Nf4 18. Bxa7 Rc4 19. Rfe1 b6 20. a4 Nd5 21.
Bxd5 exd5 22. Bxb6 e4 23. Nd4 Rxf2 24. Ne2 d4 25. Bxd4 Bxd4 26. Nxd4 Rxb2 27.
Rxe4 Rxc3 28. a5 Rg3 29. Re2 Rb8 30. a6 Rd3 31. a7 Ra8 32. Ne6 Rd7 33. Rc2
Rdxa7 34. Rxa7 Rxa7 35. Rc8+ Kf7 36. Rc7+ Rxc7 37. Nxc7 Kf6 38. Kh2 Kg5 39. Kg3
Kh5 40. Ne6 g5 41. Nd4 Kg6 42. Kf3 Kh5 43. g3 Kg6 44. Ke4 Kf6 45. Nf3 Kg6 46.
Ke5 h6 47. Ke6 h5 48. Ne5+ Kh6 49. Kf5 h4 50. g4 1-0

[Event "40 Obert Ciutat de Badalona 2014 B"]
[Site "Badalona ESP"]
[Date "2014.08.08"]
[Round "7.4"]
[White "Ritter Aguilar, Jordi"]
[Black "Garcia Sanchez, Aitor"]
[Result "1-0"]
[WhiteElo "2065"]
[BlackElo "1967"]
[PlyCount "63"]
[EventDate "2014.08.02"]
[EventType "swiss"]
[EventRounds "9"]
[EventCountry "ESP"]
[Source "lmi"]
[SourceDate "2014.08.02"]

1. e4 c5 2. Nf3 Nc6 3. c3 g6 4. d4 cxd4 5. cxd4 Qb6 6. Nc3 Bg7 7. Nd5 Qd8 8.
Bf4 d6 9. Be2 Bg4 10. Be3 f5 11. Nc3 fxe4 12. Nxe4 Qb6 13. O-O Bxf3 14. Bxf3
Bxd4 15. Bg5 h6 16. Bh4 Bxb2 17. Rb1 Qd4 18. Qe2 d5 19. Nd6+ Kf8 20. Bxe7+
Ncxe7 21. Rxb2 b6 22. Nb5 Qg7 23. Nc7 Kf7 24. Nxa8 Nf6 25. Nc7 Rc8 26. Ne6 Qh8
27. Re1 Nf5 28. Rc2 Ne4 29. Bxe4 dxe4 30. Qxe4 Rxc2 31. Qxc2 Qe8 32. Ng5+ 1-0

[Event "40 Obert Ciutat de Badalona 2014 B"]
[Site "Badalona ESP"]
[Date "2014.08.08"]
[Round "7.5"]
[White "Gouma, Ronald"]
[Black "Delgadillo Torrico, Felipe"]
[Result "0-1"]
[WhiteElo "1897"]
[BlackElo "2053"]
[PlyCount "190"]
[EventDate "2014.08.02"]
[EventType "swiss"]
[EventRounds "9"]
[EventCountry "ESP"]
[Source "lmi"]
[SourceDate "2014.08.02"]

1. e4 c5 2. c3 d6 3. d4 Nf6 4. Bd3 Nc6 5. Ne2 cxd4 6. cxd4 g6 7. O-O Bg7 8.
Nbc3 O-O 9. h3 Bd7 10. Be3 Nb4 11. Bb1 Nc6 12. Qd2 Na5 13. Bd3 Rc8 14. b3 Nc6
15. Rac1 Qa5 16. f4 e6 17. e5 Nd5 18. Nxd5 Qxd2 19. Bxd2 exd5 20. b4 dxe5 21.
dxe5 f6 22. b5 Ne7 23. Bb4 Rfe8 24. Rxc8 Nxc8 25. Bc3 fxe5 26. fxe5 Bxe5 27.
Bb4 Nd6 28. a4 Nf5 29. Nf4 Bd4+ 30. Kh2 Be5 31. Kg1 Ne3 32. Rf3 d4 33. Ne2 b6
34. g4 Be6 35. Ba3 Bd5 36. Rf2 Bc4 37. Nc1 g5 38. Rf3 Bf4 39. Bb2 Bd5 40. Rxf4
gxf4 41. Bxd4 Nc4 42. Kf2 Nd6 43. Ne2 Bb3 44. Nc3 Nc4 45. Kf3 Rd8 46. Ne2 Nd2+
47. Kxf4 Bd1 48. Ke3 Nf1+ 49. Kf2 Bxe2 50. Bxe2 Rxd4 51. Bxf1 Rxa4 52. Kg3 Kg7
53. g5 h6 54. gxh6+ Kxh6 55. Kf3 Kg5 56. Ke3 Kh4 57. Kd3 Ra1 58. Bg2 Kg3 59.
Bc6 Kxh3 60. Kd4 Rd1+ 61. Ke5 Kg4 62. Bd5 Rb1 63. Bc4 Rc1 64. Be6+ Kg5 65. Kd6
Kf6 66. Bd5 Rg1 67. Bc6 Rg7 68. Bd5 Kf5 69. Bc6 Kf4 70. Be8 Ke4 71. Kc6 Kd4 72.
Bh5 Kc4 73. Be2+ Kb4 74. Bf1 Ka5 75. Be2 Rg5 76. Kb7 Rxb5 77. Kxa7 Re5 78. Bf1
b5 79. Bd3 b4 80. Kb7 b3 81. Kc6 Rg5 82. Bh7 Kb4 83. Kd6 b2 84. Ke6 Rg1 85. Ke5
b1=Q 86. Bxb1 Rxb1 87. Kd5 Rc1 88. Kd4 Rd1+ 89. Ke5 Kc4 90. Ke6 Kc5 91. Ke7 Rd6
92. Kf7 Kd5 93. Ke7 Ra6 94. Kf7 Ke5 95. Kg7 Kf5 0-1

[Event "40 Obert Ciutat de Badalona 2014 B"]
[Site "Badalona ESP"]
[Date "2014.08.08"]
[Round "7.6"]
[White "Lorente Muñoz, Raul"]
[Black "Pallares Gurrea, Aitor Alexander"]
[Result "0-1"]
[WhiteElo "2028"]
[BlackElo "1956"]
[PlyCount "102"]
[EventDate "2014.08.02"]
[EventType "swiss"]
[EventRounds "9"]
[EventCountry "ESP"]
[Source "lmi"]
[SourceDate "2014.08.02"]

1. d4 Nf6 2. Nf3 g6 3. Bg5 Bg7 4. Qc1 h6 5. Bd2 d6 6. g3 Nc6 7. c3 d5 8. Bg2
Ne4 9. Be3 g5 10. Nfd2 f5 11. Nxe4 dxe4 12. h4 g4 13. f3 exf3 14. exf3 h5 15.
fxg4 fxg4 16. O-O Qd6 17. Qc2 Bh6 18. Bf2 Rf8 19. Be4 Be3 20. Kh2 Qf6 21. Kg2
e5 22. d5 Ne7 23. Na3 Nf5 24. Bxf5 Bxf5 25. Bxe3 Bxc2 26. Rxf6 Be4+ 27. Kg1
Rxf6 28. Nc4 Bxd5 29. Nxe5 Re6 30. Bf4 O-O-O 31. a3 Bb3 32. Re1 Red6 33. Kf2
Rd1 34. Re2 Rh1 35. Ke3 Bd1 36. Rg2 Re1+ 37. Kf2 Re2+ 38. Kf1 Rxg2 39. Kxg2 Bb3
40. Kf2 Rd1 41. Ke3 Rb1 42. Nd3 Bc2 43. Kd2 Bxd3 44. Kxd3 Rxb2 45. Be5 c6 46.
Ke3 Kd7 47. Kf4 Ke6 48. Bd4 Rb5 49. Bxa7 Rf5+ 50. Ke4 Rf3 51. Bb8 Rxc3 0-1